Proyectos de investigación. Año Académico 1994

I tiakina i:
Ngā taipitopito rārangi puna kōrero
Ngā kaituhi rangatōpū: Universidad Católica de Valparaíso (Author), Vice Rectoría Académica (Author), Dirección General de Investigación y Postgrado (Author)
Hōputu: Pukapuka
Reo:Pāniora
I whakaputaina: Valparaíso Universidad Católica de Chile 1994
Putanga:1a. ed
Ngā marau:
Ngā Tūtohu: Tāpirihia he Tūtohu
Kāore He Tūtohu, Me noho koe te mea tuatahi ki te tūtohu i tēnei pūkete!

MARC

LEADER 00000nam a2200000 a 4500
001 UCJ4934
003 CL-VaPUC
008 070124e19941200CL |||||||||||||||||spa|d
082 0 4 |a 378  |b UNI  |2 21 
110 2 |a Universidad Católica de Valparaíso  |e author  |9 509497 
710 2 |a Vice Rectoría Académica  |e author  |9 509498 
710 2 |a Dirección General de Investigación y Postgrado  |e author  |9 509499 
245 1 0 |a Proyectos de investigación. Año Académico 1994 
250 |a 1a. ed 
300 |a 228 p 
942 |c BK 
945 |d 20070124 00:00:00  |a rinostro 
260 |a Valparaíso  |b Universidad Católica de Chile  |c 1994 
650 0 |a Investigación  |9 257811 
583 |a last modification  |c 20070124 00:00:00  |k Rodrigo Vera 
999 |c 321049  |d 321047 
952 |0 0  |1 0  |4 0  |6 378_000000000000000_UNI_1994  |7 0  |8 X  |9 399707  |a FDOBUD  |b FDOBUD  |d 2019-11-22  |i 1028111  |o 378 UNI 1994  |p 1028111  |r 2019-11-22  |w 2019-11-22  |y BK_X  |k FHP